000 00626nam a2200229Ia 4500
003 OSt
005 20220928114741.0
006 a|||||r|||| 00| 0
007 ta
008 220927b |||||||| |||| 00| 0 eng d
024 _a49597
037 _cTextual
040 _aSDCL
_cSDCL
_beng
041 _2eng
_aeng
082 _aV3,7'K, L4
100 _aTite Colin G C
_9440761
245 0 _aImpeachment and parliamentary judicature in early Staurt England
260 _aLondon
_bAthlone Press
_c1974
300 _ax,249p
_ccm.
942 _hV3,7'K, L4
_cTEXL
_2CC
999 _c756288
_d756288